Pattern Matching of Partially Ordered Events in Information Management Systems

Saved in:
Bibliographic Details
Main Author: Vokorokos, Liberios
Other Authors: Vokorokosová, Renáta, 1967-
Format: Book Chapter
Language:English
Tags: Add Tag
No Tags, Be the first to tag this record!

MARC

LEADER 00000naa$a2200000$$$4500
001 0296572
005 20240502074509.8
041 0 |a eng 
044 |a SK 
245 1 0 |a Pattern Matching of Partially Ordered Events in Information Management Systems  |c Liberios Vokorokos, Renáta Vokorokosová 
100 1 |a Vokorokos, Liberios 
700 1 |a Vokorokosová, Renáta, 1967-